| 000 | 00755nam a2200241 a 4500 | ||
|---|---|---|---|
| 005 | 20240524071240.0 | ||
| 008 | 211223s2020 enk 000 0 eng d | ||
| 020 | _a9780367225315 | ||
| 040 |
_aDLC _beng _eAACR2 |
||
| 041 | 0 | _aeng | |
| 082 | 0 | 4 | _a04 895.709 |
| 100 | 1 | _aKiaer, Jieun | |
| 245 | 1 | 0 |
_aKorean literature through the Korean wave _c/ Jieun Kiaer and Anna Yates-Lu |
| 260 |
_aLondon _b: Routledge, Taylor & Francis Group _c, 2020 |
||
| 300 |
_aix, 240 pages. _c; 26 cm |
||
| 490 | _aRoutledge studies in East Asian translation | ||
| 504 | _aIncludes bibliographical references. | ||
| 653 | 0 | _aKorean literature | |
| 653 | 0 | _aHistory and criticism | |
| 653 | 0 | _aPopular culture in literature | |
| 700 | 1 | _aYates-Lu, Anna | |
| 942 |
_2ddc _cBK |
||
| 999 |
_c10 _d10 |
||